| 000 | 00000nam##2200000za#4500 |
| 001 | 9.625586 |
| 003 | CaOODSP |
| 005 | 20200327183605 |
| 007 | ta |
| 008 | 150406|2001||||xxc||||| f|0| 0 fre|d |
| 020 | |a0-662-85610-4 |
| 040 | |aCaOODSP|bfre |
| 043 | |an-cn--- |
| 086 | 1 |aJS42-95/2001F |
| 110 | 1 |aCanada. |bSolliciteur général Canada. |
| 245 | 14|aUne analyse de rentabilité du Processus holistique de guérison de la Première nation de Hollow Water / |cpar Joe Couture et al. |
| 260 | |aOttawa - Ontario : |bSolliciteur général Canada |c2001. |
| 300 | |aix, 161p. : |bfigures, références, tableaux ; |c28 cm. |
| 490 | 1 |aCollection sur les Autochtones|vAPC 20 CA (2001) |
| 500 | |a«Contrairement aux deux systèmes principaux (services juridiques, familiaux/sociaux), le processus holistique touche les victimes, les agresseurs et leur famille respective; il établit un équilibre spirituel, physique, émotif et intellectuel dont toute la collectivité de Hollow Water tire profit.»--Page v, Description du Programme. |
| 520 | 3 |aContrairement aux deux systèmes principaux (services juridiques, familiaux/sociaux), le processus holistique touche les victimes, les agresseurs et leur famille respective; il établit un équilibre spirituel, physique, émotif et intellectuel dont toute la collectivité de Hollow Water tire profit.--Page v, Description du Programme |
| 563 | |aCouverture souple |
| 590 | |a01-42|b2001-10-19 |
| 691 | 07|aSystème judiciaire|2gcpds |
| 691 | 07|aDroits des autochtones|2gcpds |
| 720 | 1 |aCouture, Joe |
| 775 | 08|tA cost-benefit analysis of Hollow Water's Community Holistic Circle Healing process / |w(CaOODSP)9.615523 |
| 776 | 0#|tUne analyse de rentabilité du processus holistique de guérison de la Première nation de Hollow Water / |w(CaOODSP)9.603424 |
| 830 | #0|aCollection sur les autochtones ;|vAPC 20 CA (2001)|w(CaOODSP)9.513108 |